Dánsko a EÚ bakalárska práca

Salvato in:
Dettagli Bibliografici
Autore principale: Kissová, Barbara
Ente Autore: Fakulta medzinárodných vzťahov EU. Katedra medzinárodných politických vzťahov
Altri autori: Chuguryan, Simona, 1977-
Natura: Libro
Lingua:slovacco
Pubblicazione: Bratislava 2020
Tags: Aggiungi Tag
Nessun Tag, puoi essere il primo ad aggiungerne!!

MARC

LEADER 00000nbm a2200000 4500
001 0265792
005 20200910083845.0
041 0 |a slo 
044 |a SK 
245 1 0 |a Dánsko a EÚ  |b bakalárska práca  |c Barbara Kissová ; školiteľ: Simona Chuguryan 
264 1 |a Bratislava  |c 2020 
300 |a 56 s. 
100 1 |a Kissová, Barbara 
700 1 |a Chuguryan, Simona, 1977- 
710 2 |a Fakulta medzinárodných vzťahov EU. Katedra medzinárodných politických vzťahov